000 00418nam a2200169Ia 4500
008 221030s9999 xx 000 0 und d
020 _a8172247729
041 _aEnglish
082 _a105.23
_bMur
100 _aK. V. V. Murthy
245 0 _aBasic Circuit Analysis
_cby K. V. V. Murthy, M. S. Kamath
260 _bJaico Pub.
_aMumbai
_c1999
300 _a615
650 _aEE
700 _aM. S. Kamath
942 _cBK
999 _c1584
_d1584